00622nam a2200193Ia 450000500170000000800410001702000180005804000180007604100080009408200230010210000250012524500640015025000120021426000700022630000260029665000400032265000390036265000270040120221124154408.0210716s2011 xx 000 0 und d a9788184046922 cAIMIT LIBRARY aeng a621.3821 21bZDZJ aZdziarski, Jonathan. aIphone sdk application development /cBy Jonathan Zdziarski a1st ed. aNew Delhi :bShroff Publishers and Distributors Pvt Ltd ,c2011. axxiii,366p. ;c23 cm. aGetting started with the iphone SDK aLayer programming with quartz core aAdress book frameworks